000 00626nam a2200205 a 4500
005 20240925064354.0
008 070904s1985 mx r 000 0 spa d
020 _a9682104068
035 _aUPN01000151652
049 _aCG
050 4 _aPOR ADQUIRIR
100 1 _aStengel, Ingeburg
245 1 4 _aLos problemas de lenguaje en el niño :
_breconocimiento precoz y corrección /
_cIngeburg Stengel ; tr. Diorki.
260 _aMéxico :
_bRoca,
_c1985.
300 _a165 p. :
_bil.
440 0 _aBiblioteca pedagógica M. R.
650 4 _aTrastornos del habla
_96691
650 4 _aNiño, Estudio del
_9221
905 _aLibro
999 _c123788
_d123788